Mestský cestovný ruch

Rozvoj cestovného ruchu v mestách a jeho špecifiká. Mestský cestovný ruch a jeho motivácia. Jednotlivé formy cestovného ruchu. Cieľové miesta mestského cestovného ruchu. Úloha mestských úradov pri zabezpečovaní rozvoja mestského cestovného ruchu. Ciele koncepcie mestského cestovného ruchu. Pozitívne...

Description complète

Enregistré dans:
Détails bibliographiques
Auteur principal: Styk, M.
Autres auteurs: Habodászová, A.
Format: Chapitre de livre
Langue:slovaque
Sujets:
Tags: Ajouter un tag
Pas de tags, Soyez le premier à ajouter un tag!

MARC

LEADER 00000naa a2200000 4500
001 r028080
005 20230724103902.8
041 0 |a slo 
044 |a SK 
245 1 0 |a Mestský cestovný ruch  |c M. Styk, A. Habodászová 
520 |a Rozvoj cestovného ruchu v mestách a jeho špecifiká. Mestský cestovný ruch a jeho motivácia. Jednotlivé formy cestovného ruchu. Cieľové miesta mestského cestovného ruchu. Úloha mestských úradov pri zabezpečovaní rozvoja mestského cestovného ruchu. Ciele koncepcie mestského cestovného ruchu. Pozitívne a negatívne efekty rozvoja cestovného ruchu. 
610 2 0 |a ruch cestovný mestský 
610 2 0 |a koncepcie 
610 2 0 |a motivácia 
610 2 0 |a trh 
610 2 0 |a mestá 
100 1 |a Styk, M. 
700 1 |a Habodászová, A.